Statistiques concernant Google Street View

Cliquez ici pour prendre le quiz!

Statistiques générales

  • Ce quiz a été pris 24 fois
  • Le résultat moyen est 16 sur 20

Statistiques - réponses

CoordonnéesMonument% Correct
48.8572609,2.296069Tour Eiffel
100%
40.7488095,-73.9854414Empire State Building
95%
-22.9518743,-43.2101432Christ Rédempteur
89%
51.5007292,-0.1246254Big Ben
84%
25.1975551,55.2730973Burj Khalifa
84%
-13.1628159,-72.5454177Machu Picchu
84%
-33.8577066,151.2152472Opéra de Sydney
84%
55.7542513,37.6208321Place Rouge
84%
29.9772403,31.1317285Pyramides de Gizeh
84%
41.4043087,2.1748756Sagrada Familia
84%
27.1744385,78.0421149Taj Mahal
84%
39.9136537,116.3968705Cité interdite
79%
35.4339467,138.5588867Mont Fuji
79%
37.971993,23.7270786Parthénon
79%
20.6833661,-88.5685072Chichén Itza
74%
41.9007668,12.4833442Fontaine de Trevi
74%
37.8090439,-122.4729346Golden Gate Bridge
74%
43.7231735,10.3968598Tour de Pise
74%
52.5161654,13.376927Porte de Brandebourg
53%
41.008583,28.9802447Sainte-Sophie
53%

Distribution des résultats

Percentile par nombre de réponses

% des personnes avec chaque résultat

Votre développement - résultats

Vous n’avez pas pris ce quiz